Yeat Discography Quiz - Statistics

General Stats
  • This quiz has been taken 936 times
    926 since last reset
  • The average score is 79 of 252
Answer Stats
ALBUM Answers Track Number % Correct
LYFESTYLE GEEK TIMË 1
81%
LYFESTYLE LYFESTYLE (FEAT. LIL DURK) 19
79%
2093 Lyfestylë (with Lil Wayne) 9
79%
Lyfë Flawlëss (feat. Lil Uzi Vert) 1
71%
2093 2093 17
70%
Trëndi Mad bout that 1
69%
LYFESTYLE STFU 2
67%
Lyfë Talk 8
67%
2093 Breathe 3
66%
Alivë Tonka 2
65%
LYFESTYLE ORCHESTRATË 7
64%
2093 Psycho Ceo 1
64%
4L Sorry bout that 2
64%
LYFESTYLE FATË (BONUS) 22
63%
2093 If We Being Rëal 23
62%
2093 1093 24
61%
Up 2 Më Monëy so big 18
61%
AftërLyfe Mysëlf 22
59%
2 Alivë Poppin 1
59%
Lyfë Out thë way 3
58%
LYFESTYLE GO2WORK (FEAT. SUMMRS) 10
56%
LYFESTYLE THEY TELL MË 3
56%
LYFESTYLE GONË 29
55%
LYFESTYLE HEARD OF MË 4
55%
LYFESTYLE SPEEDBALL 5
55%
Trëndi Tonka 2 4
55%
2 Alivë Big tonka (feat. Lil Uzi Vert) 21
54%
LYFESTYLE LYING 5 FUN 16
54%
Lyfë Krank 7
53%
AftërLyfe Nun id change 5
53%
Alivë Twizzy 15
53%
LYFESTYLE FLYTROOP 14
52%
LYFESTYLE FOREVER AGAIN 12
52%
AftërLyfe No morë talk 1
52%
Up 2 Më Turban 15
52%
LYFESTYLE GONE 4 A MIN 11
51%
Up 2 Më Lying 4 fun 22
51%
2093 Morë 4
51%
2093 Power Trip 2
51%
Alivë Trëndy 6
51%
LYFESTYLE BË QUIET (FEAT. KODAK BLACK) 8
50%
Trëndi Fukit 2
50%
2 Alivë On tha linë 8
50%
Lyfë Systëm 10
50%
2093 Tell më 11
50%
Up 2 Më Gët Busy 6
49%
LYFESTYLE LYFE PARTY 21
48%
AftërLyfe Split 14
48%
2093 ILUV 10
47%
LYFESTYLE NEW HIGH (FEAT. DON TOLIVER) 17
47%
Alivë Swërve 13
47%
2093 U Should Know 8
47%
LYFESTYLE ON 1 13
46%
LYFESTYLE THE COSTËS 9
46%
Up 2 Më Twizzy rich 16
46%
Lyfë Up off X 2
46%
2093 Bought The Earth 5
45%
Up 2 Më Cmon 1
45%
2093 Familia 19
45%
Features IDGAF (Drake) Feature
45%
4L Money Twërk 16
45%
Up 2 Më Trëndy way (feat. SeptembersRich) 8
45%
LYFESTYLE ELIMINATË 15
44%
LYFESTYLE GOD TALKIN SHHH 20
44%
AftërLyfe Shmunk (feat. Young Boy Never Broke Again) 2
44%
Up 2 Më Swërved It 9
44%
4L Swërved it 14
44%
4L Tëslas & Rovers 1
44%
AftërLyfe How it go 11
43%
Up 2 Më Morning mudd 2
43%
2093 Nothing Changë 6
43%
2 Alivë Nvr again 4
43%
2093 As We Speak (feat. Drake) 7
42%
AftërLyfe Bad bënd / DëMON 15
42%
2 Alivë Dub 29
42%
AftërLyfe Shhhh 18
42%
LYFESTYLE SO WHAT 18
42%
LYFESTYLE U DONT KNOW LYFE 6
42%
2 Alivë Doublë 7
41%
2093 Stand On It (with Future) 18
41%
Lyfë Comë on 9
40%
AftërLyfe Hëavyweight 16
40%
2 Alivë Luh gëek 5
40%
2 Alivë 3G (feat. Lil Uzi Vert) 24
39%
Lyfë Can't stop it 6
39%
Lyfë Holy 1 11
39%
Singles My wrist (with Young Thug) Single
39%
2 Alivë Outsidë (feat. Young Thug) 2
39%
2093 Psychocainë 21
39%
2 Alivë Rackz got më (feat. Gunna) 6
39%
2 Alivë Taliban 13
39%
2093 Team ceo 16
39%
Up 2 Më Ya Ya 10
39%
LYFESTYLE 5BRAZY 26
38%
Up 2 Më Got rich 3
38%
AftërLyfe Rav3 p4rty (feat. Kranky Kranky) 4
38%
2 Alivë Rëal six 3
38%
Singles Already Rich Single
37%
AftërLyfe Back homë 19
37%
Singles bigger thën everything Single
37%
2 Alivë Gëek high (feat. Ken Carson) 17
37%
Up 2 Më Kant changë 20
37%
Lyfë Killin ëm 12
37%
Singles King Tonka Single
37%
4L Off Tha Lot 8
37%
Up 2 Më Rokstar 7
37%
2093 Shade 12
37%
2 Alivë Still countin 20
37%
Lyfë Wat it feel lykë 4
37%
Up 2 Më Dëserve it 19
36%
2 Alivë Hatër 26
36%
2 Alivë Jus bëtter 9
36%
2 Alivë Kant rëlax 22
35%
2 Alivë Rollin 12
35%
2093 Run Thëy Mouth 22
35%
AftërLyfe Slamm 8
35%
Up 2 Më U could tëll 11
35%
AftërLyfe Bëttr 0ff 3
34%
2 Alivë Jump 10
34%
2 Alivë Kant dië 16
34%
2093 Keep Pushin 14
34%
2093 Mr. Inbetweenit 20
34%
2093 Never quit 13
34%
AftërLyfe Now (feat. Luh geeky) 7
34%
2093 Riot & Set it off 15
34%
AftërLyfe Type monëy 20
34%
2 Alivë Call më 15
33%
AftërLyfe Dëmon tied 21
33%
2 Alivë Smooktobër 19
33%
AftërLyfe Woa...! 6
33%
Up 2 Më Callin më 21
32%
Alivë Diëd B4 3
32%
Trëndi Insidë out (feat. SeptembersRich) 3
32%
Lyfë Got it all 5
31%
2 Alivë Luv monëy (with Lancey Foux) 28
31%
AftërLyfe 7 nightz 9
30%
Up 2 Më Factz 12
30%
2 Alivë Luh m (feat. SeptembersRich) 18
30%
2 Alivë Narcoticz (feat. Yung Kayo) 14
30%
Singles Rich Minion Single
30%
Alivë X ta C 7
30%
Alivë Bäk 2 BED 5
29%
2 Alivë Dnt lië 11
29%
4L Forëally / 4Ly 3
29%
Up 2 Më Hëy 14
29%
4L Mountain Climbërs 15
29%
Up 2 Më Stayëd tha same 5
29%
AftërLyfe Sum 2 do 12
29%
Up 2 Më Told ya 17
29%
AftërLyfe Watch 17
29%
AftërLyfe Back up 13
28%
Features GEEKED UP (Don Toliver) Feature
28%
Up 2 Më Lët ya know 4
28%
2 Alivë Nëw turban 25
28%
LYFESTYLE BARBARIAN 27
27%
Singles Heavy Stunts (with Don Toliver) Single
27%
AftërLyfe Mëan feen (feat. Kranky Kranky) 10
27%
Alivë WAR 1 14
27%
2 Alivë Way back 27
27%
4L Goin Back 2 Ella 5
26%
2 Alivë No commënt 23
26%
4L Talk 2 God 10
26%
Up 2 Më Bak on ëm 13
25%
4L Big Stonëz 9
25%
4L Chanëlly 7
25%
4L WTF 6
25%
Singles GO AGAIN (feat. Superheaven) Single
24%
2093 Timë Passed 25
24%
Alivë Bizzy 16
23%
LYFESTYLE PROJECT LYFESTYLE 23
23%
Alivë Always Alivë 1
21%
LYFESTYLE GRAVEYARD 28
21%
2093 H.A.B. 28
21%
LYFESTYLE STYLE LYFE 24
21%
4L Livë Hi 19
20%
Alivë Oh eX whY 4
20%
2093 SKLUB 27
20%
4L Trië 2 Tell U outro 20
20%
2093 Oh My Pockëts 26
19%
4L Sidëwayz 12
19%
Alivë Sleeptalking 21
19%
Alivë Balënci Feet 11
18%
4L Bëd Side 18
18%
4L All I See 13
17%
4L Ok Kool 17
17%
4L Provë sum (feat. SeptembersRich) 11
17%
LYFESTYLE BACK THËN 25
16%
Alivë Every Sunday 22
16%
Different Creature Goat Emoji 1
16%
4L Jus Wokëup 4
16%
Features YEET (Yung Kayo) Feature
16%
Alivë Tru to U 19
15%
Alivë Wavëy Krazy 9
14%
Alivë 2 Up 17
13%
Alivë Cöming Down 20
13%
Alivë Last Day 18
13%
Alivë Feel it 10
12%
Alivë Liftëd 8
12%
Alivë Supër Test 12
12%
Singles hollon Single
10%
Wake Up Call Celine 3
9%
Singles Flashey Single
9%
Features LOCK IT UP (Whethan) Feature
9%
Wake Up Call Stay Up 7
9%
Wake Up Call Admit It 1
8%
Features Cruisin' (Childish Gambino) Feature
8%
Wake Up Call Pilot 6
8%
Wake Up Call Alright 4
7%
Deep Blue Strips Brink! 3
7%
Different Creature Can't Think 4
7%
Features Fuk Tha Clout (KANKAN) Feature
7%
Different Creature How I Eat 7
7%
Singles Loot (feat. Jban$2Turnt) Single
7%
Deep Blue Strips Going Out Sad 2
6%
Features I Don't Text Back (Young Boy Never Broke Again) Feature
6%
Wake Up Call Impatient (feat. Oodaredevil) 5
6%
Different Creature Mixed Emotions 3
6%
Features Not Da Same (KANKAN) Feature
6%
I’m So Me Speak On It / I'm So Me 2
6%
Wake Up Call This Is It 2
6%
Singles Big Geek Week Single
5%
Different Creature Convertible (feat. Oodaredevil) 2
5%
Different Creature Heavenly 6
5%
Deep Blue Strips I Can Tell 1
5%
Singles Number 1 Single
5%
Different Creature Pit Stop (Interlude) 5
5%
I’m So Me Alien Language (feat. Summrs) 4
4%
Singles G550 Single
4%
Singles Money Move (feat. Nessly) Single
4%
Hold Ön Nobu 1
4%
Singles Rockin It Single
4%
I’m So Me Are You? 3
3%
I’m So Me Breaking News 1
3%
Features Cap To Me (UnoTheActivist) Feature
3%
Hold Ön Geeker Day 4
3%
We Us GoGo (feat. Izaya Tiji & Summrs) 2
3%
I’m So Me Intro 2022 13
3%
Hold Ön Money Fetish (feat. Weiland) 3
3%
We Us Not Enough 1
3%
Singles Not The Same Single
3%
Singles SWITCHE LANES Single
3%
We Us Ups n Downs :(: 3
3%
Hold Ön Wassup 2
3%
Features Probably! (Autumn!) Feature
2%
I’m So Me Bird 9
1%
I’m So Me Learn 2 Leave 11
1%
I’m So Me Nerdz 7
1%
I’m So Me No Deal (feat. Jurp) 8
1%
I’m So Me Roxy 12
1%
I’m So Me Spend It All 5
1%
I’m So Me Stayed Down Long Enough 10
1%
I’m So Me Top Floor (feat. Young Jordan) 6
1%
No matching quizzes found
Score Distribution
Percent of People with Each Score
Percentile by Number Answered
Your Score History
You have not taken this quiz since the last reset